[Event "Titled Tue 3rd Jan Late"]
[Site "chess.com INT"]
[Date "2025.06.03"]
[Round "5"]
[White "Shukhman, Anna"]
[Black "Sharankov, Grigory"]
[Result "1-0"]
[WhiteTitle "WGM"]
[BlackTitle "CM"]
[WhiteElo "2413"]
[BlackElo "2238"]
[WhiteFideId "54180058"]
[BlackFideId "4168356"]
[EventDate "2025.06.03"]

1. e4 e6 2. d4 d5 3. Nc3 Nc6 4. Nf3 Nf6 5. Bd3 Nb4 6. e5 Nxd3+ 7. cxd3 Nd7 8.
O-O Be7 9. Be3 O-O 10. Rc1 a6 11. Nd2 f5 12. f4 Rf7 13. Nf3 h6 14. Bf2 Nf8 15.
Ne2 Bd7 16. Qb3 b6 17. Qc3 Ra7 18. Ne1 g5 19. Nc2 Rg7 20. Ne3 Be8 21. Qd2 Rb7
22. Bg3 c5 23. Kh1 Bh5 24. Nc2 Ng6 25. fxg5 hxg5 26. dxc5 bxc5 27. b4 Bxe2 28.
Qxe2 f4 29. Bf2 cxb4 30. Nd4 Qd7 31. Qg4 Nxe5 32. Qxe6+ Qxe6 33. Nxe6 Rh7 34.
Bd4 Ng4 35. h3 Kf7 36. Nc5 Rc7 37. Kg1 Nf6 38. Nxa6 Rxc1 39. Rxc1 Nh5 40. Rc7
Ng3 41. Bc5 Ke6 42. Bxe7 Rxe7 43. Rxe7+ Kxe7 44. Nxb4 Kd6 45. Kf2 Kc5 46. Nc2 d4
47. Kf3 Nf5 48. Ke4 Ne3 49. Nxd4 Nxg2 50. Ne6+ Kb4 51. Nxg5 Kc3 52. d4 Kc4 53.
d5 Kc5 54. Ke5 Ne3 55. Ne4+ 1-0

[Event "Titled Tue 3rd Jan Late"]
[Site "chess.com INT"]
[Date "2025.06.03"]
[Round "5"]
[White "El Jawich, Amro"]
[Black "Rao, Anjaneya Sripathy"]
[Result "1-0"]
[WhiteTitle "FM"]
[BlackTitle "CM"]
[WhiteElo "2307"]
[BlackElo "2173"]
[WhiteFideId "5300380"]
[BlackFideId "30954770"]
[EventDate "2025.06.03"]

1. g3 d5 2. Bg2 Nf6 3. Nf3 e6 4. O-O Be7 5. d3 O-O 6. Nbd2 c5 7. e4 Nc6 8. Re1
b5 9. exd5 Nxd5 10. a4 b4 11. Nc4 Bb7 12. a5 a6 13. Bd2 Bf6 14. Qc1 h6 15. Bf4
Nxf4 16. Qxf4 Ne7 17. Nfe5 Nd5 18. Qd2 Bg5 19. f4 Bf6 20. Qf2 Qc7 21. Re2 Rad8
22. Rae1 g6 23. Kh1 Bg7 24. Bf3 Ne7 25. Qg2 Bxf3 26. Qxf3 Nd5 27. Re4 b3 28. c3
Rb8 29. Kg1 Rb7 30. Qf2 Rb5 31. Qd2 Rd8 32. Qf2 Ne7 33. Qf3 Nf5 34. h3 Nd6 35.
Nxd6 Qxd6 36. Nc4 Qxd3 37. Qxd3 Rxd3 38. R1e2 Rb8 39. Rd2 Rxd2 40. Nxd2 Rb5 41.
Nc4 Kf8 42. Re2 Ke7 43. Rd2 f6 44. Kf2 e5 45. fxe5 fxe5 46. Ke3 Bf6 47. Ke4 Rb8
48. Rd5 Ke6 49. Rxc5 Rd8 50. Rc6+ Ke7 51. Nxe5 Re8 52. Ng4 Kf7+ 53. Kd5 Bxc3 54.
Rxc3 1-0

[Event "Titled Tue 3rd Jan Late"]
[Site "chess.com INT"]
[Date "2025.06.03"]
[Round "5"]
[White "Przybylski, Wojciech"]
[Black "Gattani, Sarthak"]
[Result "0-1"]
[WhiteTitle "FM"]
[WhiteElo "2340"]
[BlackElo "1869"]
[WhiteFideId "1117599"]
[BlackFideId "30995965"]
[EventDate "2025.06.03"]

1. e4 e5 2. Nf3 Nc6 3. Bb5 a6 4. Bxc6 dxc6 5. O-O Bg4 6. h3 h5 7. d3 Qf6 8. Be3
Bxf3 9. Qxf3 Qxf3 10. gxf3 Bd6 11. Nd2 Ne7 12. Rfb1 f6 13. b4 h4 14. a4 g5 15.
Kf1 Kd7 16. c4 Ng6 17. Ke2 Be7 18. a5 Ke6 19. b5 cxb5 20. cxb5 axb5 21. Rxb5 b6
22. Nc4 bxa5 23. Rbxa5 Rxa5 24. Rxa5 Rb8 25. Ra6+ Bd6 26. Ra1 Rb3 27. Rc1 Rb8
28. Rd1 Ra8 29. Kf1 Ra4 30. Kg2 Rb4 31. Kf1 Ra4 32. Rb1 Ra8 33. Bd2 Ne7 34. Bc3
Ng6 35. Bd2 Ne7 36. Rd1 Nc6 37. Be3 Ra2 38. Kg2 Ra8 39. d4 exd4 40. Bxd4 Nxd4
41. Rxd4 Ra4 42. e5 Bxe5 43. Re4 Ra8 44. f4 gxf4 45. Kf3 Kf5 46. Re1 Ra4 47. Rc1
c5 48. Kg2 Ra2 49. Nb6 Bd4 50. Rf1 Ke4 51. Nd7 f3+ 52. Kg1 c4 53. Re1+ Kd3 54.
Rf1 c3 55. Rd1+ Rd2 56. Rf1 c2 0-1

[Event "Titled Tue 3rd Jan Late"]
[Site "chess.com INT"]
[Date "2025.06.03"]
[Round "5"]
[White "Grzesik, Gracjan"]
[Black "Atanasov, Anthony"]
[Result "0-1"]
[WhiteTitle "CM"]
[BlackTitle "IM"]
[WhiteElo "2175"]
[BlackElo "2402"]
[WhiteFideId "1194593"]
[BlackFideId "2623897"]
[EventDate "2025.06.03"]

1. c4 e6 2. Nc3 d5 3. d4 Be7 4. Nf3 Nf6 5. cxd5 exd5 6. Bg5 c6 7. e3 Bf5 8. Bd3
Bxd3 9. Qxd3 Nbd7 10. O-O O-O 11. Rab1 Ne4 12. Bxe7 Qxe7 13. b4 a6 14. Qc2 g6
15. Nxe4 dxe4 16. Nd2 Rfe8 17. a4 Kg7 18. Rfc1 Nf6 19. b5 cxb5 20. axb5 a5 21.
Qc7 a4 22. Qxe7 Rxe7 23. Ra1 b6 24. Rc4 a3 25. Rc3 Rea7 26. Nc4 a2 27. Kf1 Nd5
28. Rc2 f6 29. Ke2 Ra4 30. Kd2 Nb4 31. Rcc1 Nd3 32. Rc2 Nxf2 33. Nd6 Ra3 34. Nc4
Rd3+ 35. Ke2 Ng4 36. h3 Nh6 37. Raxa2 Rxa2 38. Rxa2 Nf5 39. Ra7+ Kh6 40. g4 Ng3+
41. Kf2 Nh1+ 42. Kg2 Rd1 43. Nxb6 Rb1 44. Nc4 Kg5 45. Nd6 Kh4 46. Nxe4 h5 47.
gxh5 gxh5 48. Rh7 f5 49. Nf6 Ng3 50. Rg7 Rb2+ 51. Kf3 Nh1 52. Rh7 Rf2# 0-1

[Event "Titled Tue 3rd Jan Late"]
[Site "chess.com INT"]
[Date "2025.06.03"]
[Round "5"]
[White "Gabrielian, Artur"]
[Black "Dogan, Umut Anil"]
[Result "0-1"]
[WhiteTitle "GM"]
[BlackTitle "CM"]
[WhiteElo "2419"]
[BlackElo "2123"]
[WhiteFideId "4131002"]
[BlackFideId "51618060"]
[EventDate "2025.06.03"]

1. Nf3 d5 2. g3 Nf6 3. Bg2 e6 4. O-O Bd6 5. d3 O-O 6. c4 b6 7. Nc3 Bb7 8. Nb5
Be7 9. Bf4 Na6 10. Rc1 c6 11. Nc3 d4 12. Nb1 c5 13. e4 dxe3 14. fxe3 Nb4 15. Rc3
Nxa2 16. Ra3 Nb4 17. Qe2 Qc8 18. Nc3 a6 19. Raa1 Rd8 20. Rad1 Nh5 21. Be5 Nc6
22. g4 Nf6 23. g5 Nh5 24. Bh3 Rf8 25. Bg4 g6 26. Bxh5 gxh5 27. e4 Nxe5 28. Nxe5
Qc7 29. Nf3 Kh8 30. Rf2 h4 31. Rdf1 Rg8 32. Rg2 Rg7 33. Qe3 Rag8 34. Kf2 b5 35.
Rg4 b4 36. Ne2 h3 37. Rfg1 Qa5 38. R1g3 Qa2 39. Qd2 a5 40. Rxh3 a4 41. Rgh4 a3
42. Ne5 Qxb2 43. Qf4 Rf8 44. Ke3 a2 45. g6 fxg6 46. Nxg6+ Kg8 47. Nxe7+ Rxe7 48.
Rg4+ Rg7 49. Rxg7+ Qxg7 50. Qd6 a1=Q 51. Rg3 Qxg3+ 52. hxg3 Qg7 53. Qxe6+ Kh8
54. Qb6 Bc8 0-1

[Event "Titled Tue 3rd Jan Late"]
[Site "chess.com INT"]
[Date "2025.06.03"]
[Round "5"]
[White "Gimeno Martos, Roberto"]
[Black "Garcia Hernandez, Rebeca"]
[Result "1-0"]
[WhiteTitle "CM"]
[BlackTitle "WCM"]
[WhiteElo "2090"]
[BlackElo "1903"]
[WhiteFideId "2226804"]
[BlackFideId "5180872"]
[EventDate "2025.06.03"]

1. d4 d5 2. Nf3 c6 3. e3 Nf6 4. Bd3 g6 5. Nbd2 Bg7 6. O-O O-O 7. Ne5 c5 8. c3
Qc7 9. f4 Nc6 10. Ndf3 Rb8 11. h3 b5 12. Qe2 c4 13. Bc2 a5 14. Bd2 b4 15. Rab1
Bf5 16. Bxf5 gxf5 17. Nxc6 Qxc6 18. Ne5 Qc7 19. g4 fxg4 20. hxg4 Ne4 21. Kg2
bxc3 22. bxc3 Rxb1 23. Rxb1 Rb8 24. Rxb8+ Qxb8 25. Be1 Qc8 26. g5 f6 27. gxf6
exf6 28. Ng4 h5 29. Nf2 Nxf2 30. Bxf2 Qf5 31. Qf3 Qg6+ 32. Qg3 Qe4+ 33. Kh2 Qc2
34. Qg2 Qxa2 35. Qxd5+ Kf8 36. Qd8+ Kf7 37. Qd5+ Kf8 38. Qd8+ Kf7 39. Kg2 h4 40.
Kf3 h3 41. Qd7+ Kf8 42. Qxh3 a4 43. d5 Qc2 44. d6 Qd1+ 45. Kg2 Qxd6 46. Qc8+ Kf7
47. Qxc4+ Kf8 48. Qxa4 Qd5+ 49. e4 Qh5 50. Qa8+ Kf7 51. Qb7+ Kf8 52. Qc8+ Kf7
53. Qd7+ Kf8 54. Bc5+ Kg8 55. Qd8+ Kh7 56. Qd7 Qh4 57. Bf2 Qxf4 58. Qh3+ 1-0

[Event "Titled Tue 3rd Jan Late"]
[Site "chess.com INT"]
[Date "2025.06.03"]
[Round "5"]
[White "Drozdowski, Kacper"]
[Black "Vasquez Schroeder, Rodrigo"]
[Result "1/2-1/2"]
[WhiteTitle "IM"]
[BlackTitle "GM"]
[WhiteElo "2450"]
[BlackElo "2446"]
[WhiteFideId "1136720"]
[BlackFideId "3400042"]
[EventDate "2025.06.03"]

1. e4 e6 2. d4 d5 3. Nc3 Bb4 4. Ne2 Nf6 5. e5 Nfd7 6. a3 Be7 7. f4 c5 8. Be3 Nc6
9. Qd2 a6 10. g3 b5 11. Bg2 Bb7 12. dxc5 Nxc5 13. O-O O-O 14. Nd4 Rc8 15. Nxc6
Bxc6 16. Qf2 Na4 17. Nxa4 bxa4 18. Rfd1 Qd7 19. c4 Qb7 20. cxd5 Bxd5 21. Bxd5
exd5 22. f5 Rfd8 23. Bd4 Rc4 24. Rd3 Qc8 25. Rad1 Rxd4 26. Rxd4 Bc5 27. f6 Qe6
28. Qf4 gxf6 29. exf6 Kh8 30. Kg2 Bxd4 31. Rxd4 Rc8 32. Rd2 Qe1 33. Qg5 Qe4+ 34.
Kf2 Rg8 35. Qxd5 Qg6 36. Qe5 h6 37. Qf4 Kh7 38. Re2 Rc8 39. Qe4 Qxe4 40. Rxe4
Rc2+ 41. Re2 Rc6 42. Kg1 Rxf6 43. Re4 Rb6 44. Rxa4 Rxb2 45. Rxa6 Ra2 46. g4 Kg7
47. h3 f6 48. Ra5 Kg6 49. h4 Kg7 50. Ra7+ Kg6 51. Ra6 Kg7 52. a4 Kf7 53. Ra7+
Ke6 54. Ra5 Kd6 55. Kh1 Ke6 56. Kg1 Kd6 57. Kf1 Ke6 58. Ra8 Ke5 59. Ra6 Kf4 60.
Rxf6+ Kxg4 61. Rxh6 Rxa4 62. Kf2 Ra2+ 63. Ke3 Rh2 64. Ke4 Rxh4 65. Rxh4+ Kxh4 1/2-1/2

[Event "Titled Tue 3rd Jan Late"]
[Site "chess.com INT"]
[Date "2025.06.03"]
[Round "5"]
[White "Vasenev, Sergey"]
[Black "Noroozi, Omid"]
[Result "0-1"]
[WhiteTitle "FM"]
[BlackTitle "IM"]
[WhiteElo "2283"]
[BlackElo "2266"]
[WhiteFideId "4126858"]
[BlackFideId "12501190"]
[EventDate "2025.06.03"]

1. e4 c5 2. Nf3 d6 3. Bb5+ Nd7 4. d4 cxd4 5. c3 Nf6 6. O-O g6 7. Re1 Bg7 8. cxd4
O-O 9. Nc3 a6 10. Bf1 b5 11. e5 dxe5 12. dxe5 Ng4 13. Qd5 Nb6 14. Qe4 Bf5 15.
Qe2 Nc4 16. Bf4 h5 17. Rad1 Qb6 18. Nd5 Qb7 19. h3 Nh6 20. b3 Nb6 21. Nxb6 Qxb6
22. Be3 Qb7 23. Nd4 Bd7 24. g3 Nf5 25. Bg2 Nxd4 26. Bxb7 Nxe2+ 27. Rxe2 Bxh3 28.
Bxa8 Rxa8 29. f3 Be6 30. Bb6 g5 31. Rd8+ Rxd8 32. Bxd8 Kf8 33. Bb6 Ke8 34. Bd4
Bh6 35. Bb2 Bd5 36. Kf2 e6 37. Rd2 Bf8 38. Rc2 Kd7 39. f4 gxf4 40. gxf4 Bh6 41.
Ke3 Bf8 42. Rh2 a5 43. Rxh5 a4 44. bxa4 bxa4 45. a3 Bc5+ 46. Bd4 Bxa3 47. Rh7
Ke7 48. Rh8 Bc1+ 49. Kd3 a3 50. Bc5+ Kd7 51. Rb8 a2 52. Bd4 Bxf4 53. Ba1 f6 54.
exf6 Bxb8 55. f7 Ke7 0-1

[Event "Titled Tue 3rd Jan Late"]
[Site "chess.com INT"]
[Date "2025.06.03"]
[Round "5"]
[White "Perry, Patrick"]
[Black "Uzuner, Tufan Can"]
[Result "1-0"]
[BlackTitle "CM"]
[WhiteElo "2296"]
[BlackElo "1886"]
[WhiteFideId "30917727"]
[BlackFideId "6300499"]
[EventDate "2025.06.03"]

1. e4 e5 2. d4 exd4 3. Qxd4 Nc6 4. Qe3 b6 5. Bb5 Bb7 6. Nc3 Nf6 7. Nge2 Bc5 8.
Qg3 Nh5 9. Qg5 Qxg5 10. Bxg5 h6 11. Bd2 Nf6 12. f3 a6 13. Ba4 O-O 14. Bf4 b5 15.
Bb3 Bb6 16. O-O-O Na5 17. Be5 Nxb3+ 18. axb3 Ne8 19. Nd5 Bxd5 20. Rxd5 d6 21.
Bc3 c6 22. Rdd1 a5 23. Nd4 Bxd4 24. Rxd4 b4 25. Bd2 c5 26. Rd5 Ra6 27. Bf4 g5
28. Bg3 f6 29. Rhd1 Kf7 30. Bxd6 Nxd6 31. Rxd6 Rxd6 32. Rxd6 Rb8 33. Ra6 Rb5 34.
Kd2 h5 35. Kd3 h4 36. h3 Rb7 37. Rxa5 Rd7+ 38. Ke2 Rc7 39. Ra6 Ke7 40. Rb6 Ra7
41. Rc6 Ra2 42. Rxc5 Rxb2 43. Kd3 Rb1 44. Ke2 Rg1 45. Kf2 Rc1 46. Rc4 Ke6 47.
Rc5 Ke7 48. g3 hxg3+ 49. Kxg3 Kd6 50. Rc4 Ke6 51. h4 gxh4+ 52. Kxh4 Ke5 53. Rc5+
Kd4 54. Rc4+ Ke3 55. Kg4 Rg1+ 56. Kf5 Kxf3 57. Kxf6 Rg2 58. e5 Ke3 59. e6 Kd2
60. e7 Rf2+ 61. Kg7 Re2 62. Kf8 Rf2+ 63. Ke8 Re2 64. Kd7 Kc1 65. e8=Q Rd2+ 66.
Kc6 Kb2 67. Kb5 Rd5+ 68. Kxb4 Rd2 69. Qe5+ Ka2 70. Kb5 Rd8 71. Ra4+ 1-0

[Event "Titled Tue 3rd Jan Late"]
[Site "chess.com INT"]
[Date "2025.06.03"]
[Round "5"]
[White "Madaminov, Mukhiddin"]
[Black "Goryachkina, Aleksandra"]
[Result "0-1"]
[WhiteTitle "GM"]
[BlackTitle "GM"]
[WhiteElo "2520"]
[BlackElo "2544"]
[WhiteFideId "14210703"]
[BlackFideId "4147103"]
[EventDate "2025.06.03"]

1. d4 d5 2. Bf4 Nf6 3. Nc3 c6 4. e3 Bf5 5. f3 h6 6. g4 Bh7 7. h4 e6 8. Bd3 Bb4
9. Ne2 Nbd7 10. Bxh7 Nxh7 11. Qd3 Qa5 12. O-O-O b5 13. a3 Be7 14. g5 Nb6 15.
gxh6 gxh6 16. Bxh6 Nc4 17. Nb1 Nf8 18. Bg7 Rg8 19. Rdg1 b4 20. a4 Qxa4 21. b3
Qa2 22. bxc4 dxc4 23. Qe4 Rc8 24. Bxf8 Rxf8 25. Kd2 c3+ 26. Nexc3 bxc3+ 27. Nxc3
Bb4 28. Rb1 Qa5 29. Rb3 c5 30. Qb7 Rc7 31. Rxb4 cxb4 32. Qb5+ Qxb5 33. Nxb5 Rd7
34. Ra1 Rh8 35. Nxa7 Rxh4 36. Nc6 f6 37. Nxb4 e5 38. c3 Rh3 39. f4 exf4 40. exf4
Rf3 41. Kc2 Rxf4 42. Kb3 Kf7 43. Ra5 Rf1 44. Nd5 Rf5 45. c4 Rh5 46. Kb4 Rh1 47.
Ra6 Rf1 48. Kc5 Kg7 49. Kc6 Rf7 50. Nc7 f5 51. d5 f4 52. d6 Rd1 53. Nd5 f3 54.
d7 Rxd7 55. Kxd7 f2 56. Rf6 Rxd5+ 57. cxd5 Kxf6 0-1

[Event "Titled Tue 3rd Jan Late"]
[Site "chess.com INT"]
[Date "2025.06.03"]
[Round "5"]
[White "Ersoz, Teoman Guney"]
[Black "Khanbutaev, Artemii"]
[Result "1/2-1/2"]
[WhiteTitle "CM"]
[WhiteElo "2090"]
[BlackElo "2059"]
[WhiteFideId "44537050"]
[BlackFideId "55747175"]
[EventDate "2025.06.03"]

1. e4 e5 2. Nf3 Nc6 3. Nc3 Nf6 4. Be2 d5 5. exd5 Nxd5 6. O-O Nxc3 7. bxc3 Bd6 8.
d4 O-O 9. Re1 h6 10. Rb1 Rb8 11. Bc4 exd4 12. cxd4 Bg4 13. c3 Qf6 14. h3 Bxf3
15. Qxf3 Qxf3 16. gxf3 Ne7 17. Bd2 Nf5 18. Re4 c6 19. Rbe1 Rfd8 20. Bb3 Kf8 21.
c4 Re8 22. Bc2 Rxe4 23. Rxe4 g5 24. f4 Nh4 25. Bd1 Be7 26. fxg5 Bxg5 27. Bf4 Rd8
28. Bxg5 hxg5 29. d5 cxd5 30. cxd5 Rxd5 31. Bb3 Rd7 32. Rg4 f6 33. Kf1 Kg7 34.
Rc4 Kg6 35. Bc2+ f5 36. Rc8 Kf6 37. Ra8 a6 38. Bb3 Rc7 39. Rf8+ Ke5 40. Ke2 Kf4
41. Rd8 Re7+ 42. Kf1 Nf3 43. Rd1 Rh7 44. Kg2 g4 45. hxg4 Rh2+ 46. Kf1 Rh1+ 47.
Ke2 Rxd1 48. Kxd1 fxg4 49. Bd5 Ne5 50. Bxb7 a5 51. Ke2 Kf5 52. Bd5 Ng6 53. Kd2
Nf4 54. Bc6 Ke5 55. Ke3 Ng6 56. a4 Ne7 57. Bb5 Nd5+ 58. Kd3 Kf4 59. Kd4 Nb4 60.
Kc5 Kf3 61. Bd7 Kxf2 62. Bxg4 Nd3+ 63. Kb5 Nb2 64. Kxa5 Nxa4 1/2-1/2

[Event "Titled Tue 3rd Jan Late"]
[Site "chess.com INT"]
[Date "2025.06.03"]
[Round "5"]
[White "Odegov, Artem"]
[Black "Metin, Enis"]
[Result "0-1"]
[WhiteTitle "FM"]
[WhiteElo "2244"]
[BlackElo "2169"]
[WhiteFideId "34183644"]
[BlackFideId "26306948"]
[EventDate "2025.06.03"]

1. d4 Nf6 2. Nf3 b6 3. Bg5 Bb7 4. Nc3 d5 5. Ne5 e6 6. e3 Bb4 7. Bb5+ c6 8. Bd3
h6 9. Bh4 O-O 10. O-O Be7 11. f4 c5 12. Qf3 c4 13. Bxc4 Nc6 14. Bd3 Rc8 15. a3
Ne8 16. Bxe7 Nxe7 17. f5 exf5 18. Bxf5 Nxf5 19. Qxf5 Nd6 20. Qg4 Qg5 21. Qxg5
hxg5 22. Rf2 f6 23. Nd3 Nc4 24. Nd1 Rfe8 25. Re2 a5 26. b3 Nd6 27. N1f2 Rc3 28.
Nd1 Rc7 29. a4 Rec8 30. Ra2 Ba6 31. N1f2 Ne4 32. Rb2 Nc3 33. Rd2 Re8 34. b4 Nxa4
35. Ra2 Nc3 36. Ra1 a4 37. h4 gxh4 38. Nf4 Bc4 39. Nd1 Nxd1 40. Rdxd1 g5 41. Nd3
Bxd3 42. Rxd3 b5 43. Rf1 Kg7 44. c3 Rce7 45. Kf2 Kg6 46. Ke2 f5 47. Kd2 f4 48.
exf4 Re2+ 49. Kc1 g4 50. Rh1 Kh5 51. f5 Rxg2 52. Rf1 Ree2 53. f6 Ra2 54. Kb1
Rgb2+ 55. Kc1 Rf2 56. Kb1 Rxf1+ 57. Kxa2 Rxf6 58. Ka3 h3 59. Re3 h2 60. Re5+ Kh4
61. c4 h1=Q 62. Re2 Rf3+ 0-1

[Event "Titled Tue 3rd Jan Late"]
[Site "chess.com INT"]
[Date "2025.06.03"]
[Round "5"]
[White "Albores, Pablo"]
[Black "Alvarado, Carlos"]
[Result "1/2-1/2"]
[WhiteTitle "CM"]
[BlackTitle "CM"]
[WhiteElo "2220"]
[BlackElo "2032"]
[WhiteFideId "105546"]
[BlackFideId "3800555"]
[EventDate "2025.06.03"]

1. c4 e6 2. Nc3 d5 3. g3 Nf6 4. Bg2 Be7 5. Nf3 O-O 6. O-O Nbd7 7. d3 b6 8. a3
Bb7 9. b4 c5 10. bxc5 Nxc5 11. Ne5 Qb8 12. Bf4 Bd6 13. d4 Nce4 14. Nxe4 Nxe4 15.
Nd7 Qc7 16. Bxd6 Nxd6 17. Nxf8 Nxc4 18. Nxe6 fxe6 19. Rc1 Qe7 20. e4 Nxa3 21.
exd5 Bxd5 22. Bxd5 exd5 23. Re1 Qd6 24. Qg4 Nc4 25. Re6 Qf8 26. Qg5 Rd8 27. Rce1
Kh8 28. Re7 h6 29. Qh4 a5 30. Rxg7 Kxg7 31. Re7+ Kg8 32. Qg4+ Kh8 33. Re6 Rd6
34. Re2 Rf6 35. Qd7 Qd6 36. Re8+ Rf8 37. Qxd6 Nxd6 38. Rxf8+ Kg7 39. Rd8 Nc4 40.
Rxd5 a4 41. Rd7+ Kf6 42. Kf1 Ke6 43. Ra7 b5 44. Ke2 Kd5 45. Kd3 Nb2+ 46. Kc2 Nc4
47. Kd3 Nb2+ 48. Kc3 Nc4 49. Kb4 Kxd4 50. Kxb5 Nd2 51. Rxa4+ Kd3 52. Rh4 Ke2 53.
Rxh6 Kxf2 54. g4 Ne4 55. h4 Kf3 56. g5 Kg4 57. g6 Nd6+ 58. Kc6 Nf5 59. g7 Nxh6
60. Kd7 Kxh4 61. Ke7 Kg5 62. Kf8 Kg6 63. g8=Q+ Nxg8 1/2-1/2

[Event "Titled Tue 3rd Jan Late"]
[Site "chess.com INT"]
[Date "2025.06.03"]
[Round "5"]
[White "Brancaleoni, Maurizio"]
[Black "Danzer, George"]
[Result "1-0"]
[WhiteTitle "FM"]
[BlackTitle "CM"]
[WhiteElo "2185"]
[BlackElo "2172"]
[WhiteFideId "803022"]
[BlackFideId "4659465"]
[EventDate "2025.06.03"]

1. Nf3 Nf6 2. c4 g6 3. b4 Bg7 4. Bb2 O-O 5. e3 b6 6. Be2 Bb7 7. O-O d6 8. d4 a5
9. b5 Nbd7 10. Nfd2 e5 11. Bf3 e4 12. Be2 Re8 13. Nc3 h5 14. Re1 h4 15. h3 Nh7
16. Qc2 f5 17. f3 exf3 18. Bxf3 Bxf3 19. Nxf3 Ng5 20. Nxg5 Qxg5 21. Nd5 Rac8 22.
Nf4 Nf6 23. d5 Ne4 24. Bxg7 Kxg7 25. Ne6+ Rxe6 26. dxe6 Re8 27. Qe2 Rxe6 28. Qf3
Re5 29. Rad1 Rc5 30. Rd4 Qf6 31. Rf1 Qe6 32. Qf4 g5 33. Qf3 Kg6 34. Rfd1 Rxc4
35. Qe2 Rc3 36. R4d3 Rc5 37. Qf3 Rxb5 38. Rc1 Rb2 39. Rxc7 Qxa2 40. Rd1 Rf2 41.
Rxd6+ Nxd6 42. Qxf2 Qa1+ 43. Qf1 Qe5 44. Qd3 Ne4 45. Rc6+ Kh5 46. Qd1+ g4 47.
hxg4+ fxg4 48. Rc1 Kg5 49. Qd8+ Qf6 50. Qd5+ Qf5 51. Qg8+ Qg6 52. Qd5+ Qf5 53.
Qg8+ Kf6 54. Rf1 Qxf1+ 55. Kxf1 Ng3+ 56. Ke1 Kf5 57. Qc8+ Kg5 58. Qd8+ Kf5 59.
Qxb6 h3 60. gxh3 gxh3 61. Qh6 Kg4 62. Qg6+ Kf3 63. Qf6+ Kg2 64. Qf2+ Kh1 65.
Qxg3 h2 66. Kf2 a4 67. Qg2# 1-0

[Event "Titled Tue 3rd Jan Late"]
[Site "chess.com INT"]
[Date "2025.06.03"]
[Round "5"]
[White "Vifleemskaia, Svetlana"]
[Black "Fadi, Marko"]
[Result "1-0"]
[WhiteTitle "WFM"]
[BlackTitle "FM"]
[WhiteElo "1942"]
[BlackElo "2244"]
[WhiteFideId "4129490"]
[BlackFideId "10605371"]
[EventDate "2025.06.03"]

1. d4 Nf6 2. c4 g6 3. Nc3 Bg7 4. e4 O-O 5. Nge2 d6 6. Ng3 c5 7. d5 e6 8. Be2
exd5 9. cxd5 h5 10. Bg5 Nbd7 11. O-O Re8 12. Qd2 h4 13. Bxh4 Nxe4 14. Ngxe4 Qxh4
15. Nxd6 Re7 16. g3 Qh3 17. Bf3 Ne5 18. Bg2 Qh5 19. Nxc8 Rxc8 20. d6 Rd7 21.
Rad1 Rcd8 22. Ne4 Nf3+ 23. Bxf3 Qxf3 24. Qd5 b6 25. b3 Qf5 26. Rfe1 Bd4 27. Qxf5
gxf5 28. Rxd4 cxd4 29. Nf6+ Kg7 30. Nxd7 Rxd7 31. Rd1 Rxd6 32. f4 Kf6 33. Kf2
Ke6 34. Ke2 Kd5 35. Kd3 Re6 36. Rc1 Re3+ 37. Kd2 Ke4 38. Rc7 Kf3 39. Rxf7 Re2+
40. Kd3 Rxa2 41. Kxd4 Rxh2 42. Rxf5 Rh3 43. Rf8 Rxg3 44. Kc4 Kg4 45. f5 Rf3 46.
f6 Kg5 47. Ra8 Rf4+ 48. Kb5 Rf3 49. b4 Rf4 50. Rxa7 Kxf6 51. Rb7 Ke6 52. Rxb6+
Kd7 53. Rb7+ Kc8 54. Ra7 Kb8 55. Rg7 Rf5+ 56. Ka4 Rf6 57. b5 Rf5 58. Ka5 Rf6 59.
b6 Rf1 60. Ka6 Ra1+ 61. Kb5 Rb1+ 62. Kc6 Rc1+ 63. Kb5 Rc2 64. Ka6 Ra2+ 65. Kb5
Rc2 66. Ka6 Ra2+ 67. Kb5 Ra7 68. bxa7+ Ka8 69. Rg8+ Kxa7 70. Rg7+ Kb8 71. Kc6
Ka8 72. Kb6 Kb8 73. Rg8# 1-0

[Event "Titled Tue 3rd Jan Late"]
[Site "chess.com INT"]
[Date "2025.06.03"]
[Round "5"]
[White "Mitrabha, Guha"]
[Black "Grigorjev, Iljya"]
[Result "0-1"]
[WhiteTitle "GM"]
[BlackTitle "IM"]
[WhiteElo "2515"]
[BlackElo "2433"]
[WhiteFideId "5057000"]
[BlackFideId "24159565"]
[EventDate "2025.06.03"]

1. Nf3 Nf6 2. c4 g6 3. g3 Bg7 4. Bg2 O-O 5. O-O d5 6. cxd5 Nxd5 7. Nc3 Nb6 8. b3
Nc6 9. Bb2 e5 10. d3 Nd4 11. e3 Nxf3+ 12. Bxf3 Bh3 13. Bxb7 Bxf1 14. Bxa8 Bxd3
15. Bg2 e4 16. Qd2 Qe7 17. Ne2 Bxb2 18. Qxb2 Rd8 19. Nf4 c5 20. h4 h5 21. Rc1
Nd5 22. Nxd5 Rxd5 23. Bh3 Qd6 24. Qa3 Qa6 25. Qb2 Be2 26. Bg2 Bf3 27. Bf1 Qd6
28. b4 Rd2 29. bxc5 Rxb2 30. cxd6 Rd2 31. Rc8+ Kg7 32. Rc7 Rxd6 33. Bc4 Rd1+ 34.
Bf1 Be2 35. Rxa7 Rxf1+ 36. Kg2 Ra1 37. g4 Bxg4 38. a4 Kf6 39. a5 Bf3+ 40. Kg3
Rg1+ 41. Kh3 Rg2 42. a6 Rxf2 43. Ra8 Ra2 44. a7 Kg7 45. Kg3 Bg4 46. Kf4 Bd7 47.
Ke5 Ra6 48. Kd4 g5 49. hxg5 h4 50. Ke5 h3 51. Rb8 Rxa7 52. Rb2 Ra5+ 53. Kf4 Rf5+
54. Kg3 Rxg5+ 55. Kh4 Rg4+ 56. Kh5 Rg2 57. Rb1 h2 58. Rh1 Bg4+ 59. Kh4 Bf3 60.
Kh3 Rf2 61. Rxh2 Rxh2+ 62. Kxh2 Kf6 63. Kg3 Ke5 64. Kf2 0-1

[Event "Titled Tue 3rd Jan Late"]
[Site "chess.com INT"]
[Date "2025.06.03"]
[Round "5"]
[White "Munoz Ramos, Christopher"]
[Black "Cernov, Henrik"]
[Result "1-0"]
[WhiteTitle "FM"]
[BlackTitle "FM"]
[WhiteElo "2133"]
[BlackElo "2325"]
[WhiteFideId "3439615"]
[BlackFideId "16258312"]
[EventDate "2025.06.03"]

1. d4 Nf6 2. c4 Nc6 3. Nf3 e6 4. g3 Bb4+ 5. Bd2 Qe7 6. Bg2 Bxd2+ 7. Nbxd2 d6 8.
O-O e5 9. d5 Nb8 10. e4 a5 11. a3 Na6 12. Qc2 O-O 13. Ne1 c6 14. Nd3 cxd5 15.
cxd5 Bd7 16. Qb3 b5 17. Rac1 Rfc8 18. Qa2 Nc5 19. Nxc5 dxc5 20. f4 c4 21. Qb1
Ng4 22. h3 Qc5+ 23. Kh1 Nf2+ 24. Kh2 Nd3 25. Rc3 exf4 26. gxf4 Qe3 27. Qd1 Qd4
28. Nf3 Qxe4 29. Ne5 Qf5 30. Nxd3 cxd3 31. Rxd3 b4 32. Rg3 bxa3 33. bxa3 Rab8
34. Qd4 g6 35. Rf2 Rc2 36. Rxc2 Qxc2 37. Qa7 Qc8 38. Qxa5 h5 39. d6 Be6 40. Qc7
Qf8 41. Rd3 Rc8 42. Qa5 Rd8 43. Qb4 Bf5 44. Rd2 h4 45. a4 Rb8 46. Qa3 Qh6 47.
Qe3 Rb3 48. Qe5 Bd7 49. a5 Ra3 50. Rb2 Kh7 51. Rb8 Qg7 52. Qxg7+ Kxg7 53. Ra8
Rd3 54. Ra6 Bb5 55. Rb6 Bc4 56. a6 Ra3 57. d7 Rd3 58. Bc6 Rd2+ 59. Kg1 Be6 60.
a7 Rd1+ 61. Kf2 Bxd7 62. a8=Q Bxh3 63. Bf3 Be6 64. Bxd1 h3 65. Qa1+ Kh7 66. Kg3
h2 67. Rb8 h1=Q 68. Qh8# 1-0